000 00765aai a2200277 i 4500
001 14236
003 CO-MdBIC
005 20210904085120.0
008 210904t2006 ck ||||| |||| 00| 0 eng d
020 _a958-706-166-7
040 _bspa.
_aCO-MdFUSB
_cCO-MdFUSB
_dCO-MdFUSBC
_erda
041 _aspa
082 0 4 _aR 909 D415h
245 1 0 _aHistoria del mundo / Gillian Denton, Editor
_c/
260 _a[S.L.] : Casa Editorial El Tiempo
264 1 _aColombia :
_bCasa Editorial El Tiempo,
_c[2006]
264 4 _c© 2006
300 _a392 Pág.
_c;
336 _2rdacontent
_atexto
_btxt
337 _2rdamedia
_asin mediación
_bn
338 _2rdacarrier
_avolumen
_bnc
653 _aHistoria
653 _adel mundo
942 _cBK
945 _aEstudiante
999 _c43130
_d43130